000 00435nam a2200145Ia 4500
003 OSt
005 20260130142420.0
008 211028s2018 xx 000 0 und d
040 _cAIMIT LIBRARY
041 _aeng
100 _aShetty, Shruthi S; D Souza, Rayan.
_g1616191
_97944
245 _aStudy on employee welfare activities at Adarsh lifestyle store Bangalore /
260 _aMangalore
_bRayan D Souza.
_c2018
942 _2ddc
_cPRO
999 _c219512
_d219512